00466nam a2200133Ia 45000010005000000080041000050820036000461000109000822450067001912600024002585900007002829010028002899990015003172004241024s9999 xx 000 0 und d aRD/378.7293/R426o/2008-2018/v.2 aRepública Dominicana. Secretaría de Estado de Educación Superior, Ciencia y Tecnología (SEESCYT) 0aPlan Decenal de Educación Superior 2008-2018. Área Calidad bSanto Domingoc2008 asi a7/11/2011 10:48:31 a.m. c8362d8362